00423pab a2200133 454500008004000000100002200040245008000062260000900142300001300151362001000164650005300174650002800227773003400255180718b2002 xxu||||| |||| 00| 0 eng d aReddy, G. Krishna aNew populism and liberalisation: regime shift under Chandrababu Naidu in AP c2002 ap.871-83 a2 Mar aEconomic liberalization - India - Andhra Pradesh aEconomic liberalization aEconomic and Political Weekly